Anything but Hungary Quiz Stats

Quiz Updated Oct 17, 2016

Challenge
Share
Tweet
Embed
Score 0/49 Timer 06:00
12 Plays Today
Hint Answer % Correct
Have won over 150 gold medals in the Summer OlympicsGermany
97.3%
End in the Letter 'Y'Germany
97.3%
Have a capital beginning with 'B' (Europe)Germany (Berlin)
97.3%
Border UkraineRussia
96.4%
The Danube River flows throughGermany
96.1%
Are a landlocked country of EuropeAustria
94%
Are a landlocked country of EuropeSwitzerland
93.4%
The Danube River flows throughAustria
93.3%
Have won over 150 gold medals in the Summer OlympicsUnited Kingdom
92.5%
Have a capital beginning with 'B' (Europe)Switzerland (Bern)
92.3%
Have won over 150 gold medals in the Summer OlympicsRussia
91.7%
Are a landlocked country of EuropeSlovakia
91.6%
Have a capital beginning with 'B' (Europe)Slovakia (Bratislava)
91.3%
Border UkraineSlovakia
91.3%
The Danube River flows throughRomania
90.2%
The Danube River flows throughSlovakia
90.2%
Are a landlocked country of EuropeCzechia
90.2%
Have a capital beginning with 'B' (Europe)Romania (Bucharest)
89.9%
Border UkraineRomania
89.9%
End in the Letter 'Y'Italy
88.1%
Are a landlocked country of EuropeLuxembourg
88%
Have won over 150 gold medals in the Summer OlympicsFrance
87.9%
Have won over 150 gold medals in the Summer OlympicsItaly
87.5%
Border UkraineBelarus
87%
Border UkrainePoland
86.9%
Hint Answer % Correct
Are a landlocked country of EuropeBelarus
86.9%
The Danube River flows throughSerbia
86.8%
Are a landlocked country of EuropeAndorra
86.8%
Are a landlocked country of EuropeSerbia
86.1%
Have a capital beginning with 'B' (Europe)Serbia (Belgrade)
85.6%
Are a landlocked country of EuropeLiechtenstein
84.6%
Are a landlocked country of EuropeVatican City
83.7%
Have won over 150 gold medals in the Summer OlympicsUnited States
82.1%
End in the Letter 'Y'Vatican City
81.9%
Border UkraineMoldova
80.4%
Are a landlocked country of EuropeMoldova
80.3%
The Danube River flows throughMoldova
80.3%
The Danube River flows throughBulgaria
79.3%
Have won over 150 gold medals in the Summer OlympicsChina
78.2%
Are a landlocked country of EuropeSan Marino
77.9%
Are a landlocked country of EuropeMacedonia
77.6%
Are a landlocked country of EuropeKosovo
75.7%
Have a capital beginning with 'B' (Europe)Belgium (Brussels)
75.1%
End in the Letter 'Y'Turkey
74.5%
The Danube River flows throughCroatia
67.6%
End in the Letter 'Y'Norway
66.3%
End in the Letter 'Y'Uruguay
60.4%
End in the Letter 'Y'Paraguay
60.3%
The Danube River flows throughUkraine
57.8%

You're not logged in!

Compare scores with friends on all Sporcle quizzes.
Join for Free
OR
Log In

You Might Also Like...

Show Comments

Extras

Top Quizzes Today


Score Distribution

Your Account Isn't Verified!

In order to create a playlist on Sporcle, you need to verify the email address you used during registration. Go to your Sporcle Settings to finish the process.

Report this User

Report this user for behavior that violates our Community Guidelines.

Details: